<?xml version="1.0" encoding="UTF-8"?>
<collection xmlns="http://www.loc.gov/MARC21/slim">
 <record>
  <leader>00429pamaa2200145   4500</leader>
  <controlfield tag="001">0000034645</controlfield>
  <controlfield tag="005">20120229090000.0</controlfield>
  <datafield tag="020" ind1="0" ind2="0">
   <subfield code="a">0312208081 </subfield>
  </datafield>
  <datafield tag="082" ind1=" " ind2=" ">
   <subfield code="a">005.302 ALL</subfield>
  </datafield>
  <datafield tag="090" ind1="0" ind2="0">
   <subfield code="a">HG4515.95 </subfield>
   <subfield code="b">ALL 1995</subfield>
  </datafield>
  <datafield tag="100" ind1="1" ind2="0">
   <subfield code="a">ALLRICH </subfield>
  </datafield>
  <datafield tag="245" ind1="1" ind2="0">
   <subfield code="a">The on-line investor : </subfield>
   <subfield code="b">how to find the best stocks using your computer  </subfield>
   <subfield code="c">Ted Allrich.</subfield>
  </datafield>
  <datafield tag="260" ind1="0" ind2="0">
   <subfield code="a">New York: </subfield>
   <subfield code="b">St.Martin Griffin, </subfield>
   <subfield code="c">1995.</subfield>
  </datafield>
  <datafield tag="300" ind1=" " ind2=" ">
   <subfield code="a">xiv, 239p.; </subfield>
   <subfield code="c">24cm.</subfield>
  </datafield>
  <datafield tag="650" ind1="0" ind2="0">
   <subfield code="a">Electronic commerce </subfield>
  </datafield>
 </record>
</collection>
